LEADER 00826oam 2200205z- 450 001 9910135366503321 005 20200420135748.0 035 $a(CKB)3790000000000618 035 $a(EXLCZ)993790000000000618 100 $a20180430c2013uuuu -u- - 101 0 $aita 200 00$aFigure di servitù e dominio nella cultura filosofica europea tra Cinquecento e Seicento $eatti del convegno, Urbino, 29-30 maggio 2008 /$fa cura di Nicola Panichi 210 $aFirenze $cLe Lettere$d2010 311 $a88-6087-750-4 517 $aFigure di servitù e dominio nella cultura filosofica europea tra Cinquecento e Seicento 701 $aPanichi$b Nicola$0169781 906 $aBOOK 912 $a9910135366503321 996 $aFigure di servitù e dominio nella cultura filosofica europea tra Cinquecento e Seicento$92432969 997 $aUNINA LEADER 01258nam0 22002651i 450 001 UON00019846 005 20231205102013.786 100 $a20020107d1930 |0itac50 ba 101 $aeng 102 $aIN 105 $a|||| 1|||| 200 1 $aˆA ‰Peep into the Early History of India$eFrom the foundation of the Maurya Dynasty to the Downfall of the imperial Gupta Dynasty (322 B.C.-circa 500 A.C.)$fby R.G. Bhandrakar 210 $aBombay$cD.B. Taraporevala Sons$d1930 viii$d75 p. ; 18 cm 606 $aIndia$xStoria$xPeriodo Gupta$3UONC001834$2FI 606 $aIndia$xStoria$xPeriodo Maurya$3UONC001363$2FI 620 $aIN$dMumbai$3UONL000115 686 $aSI IV A$cSUBCONT. INDIANO - STORIA ANTICA E PRE-MOGHUL (648-1525)$2A 700 1$aBHANDARKAR$bRamkrishna Gopal$cSir$3UONV006474$01533201 712 $aTaraporevala$3UONV248713$4650 801 $aIT$bSOL$c20260306$gRICA 899 $aSIBA - SISTEMA BIBLIOTECARIO DI ATENEO E ARCHIVIO STORICO$2UONSI 912 $aUON00019846 950 $aSIBA - SISTEMA BIBLIOTECARIO DI ATENEO E ARCHIVIO STORICO$dSI SI IV A 207 N $eSI SA 79713 5 207 N 996 $aPeep into the Early History of India$93895177 997 $aUNIOR